000 00815nai a2200205Ia 4500
003 IN-BaIIA
008 211028c9999 xx s 000 0 eng d
022 _a2168-2771 (Print)
022 _a2168-2798 (Online)
040 _cIIA Library
245 0 _aTransactions of the IRE Professional Group on Reliability and Quality Control
_h[eJournal]
260 _aNew York, USA
_bThe Institute of Electrical and Electronics Engineers, Inc. (IEEE)
310 _aAnnually
362 _aPGQC-4; 1954 - PGQC-4; 1954
521 _bSubscribed through National Knowledge Resource Consortium (NKRC)
650 _a Power, Energy and Industry Applications
650 _aSignal Processing and Analysis
_948813
856 _uhttps://ieeexplore.ieee.org/servlet/opac?punumber=5007112
_yClick Here to Access eJournal
942 _cEJ
999 _c35834
_d35834